01387nam a2200325Ia 4500001001200000003000800012006001900020007001500039008004100054020001500095020001800110020001800128040002100146035002100167050002300188100002600211245013000237260010000367300003500467504005100502533015200553610004600705650005800751655002900809700002700838710001700865710003600882856012600918999001701044ebr10559072CaPaEBRm u cr cn|||||||||080711s2009 onca sb 001 0 eng d z0773534164 z9780773534162 z9780773577244 aCaPaEBRcCaPaEBR a(OCoLC)75915704514aLE3.Y6bH67 2009eb1 aHorn, Michiel,d1939-10aYork Universityh[electronic resource] :bthe way must be tried /cMichiel Horn ; colour photography by Vincenzo Pietropaolo. aMontreal ;aIthaca :bPublished for York University by McGill-Queen's University Press,cc2009. axi, 315 p. :bill. (some col.) aIncludes bibliographical references and index. aElectronic reproduction.bPalo Alto, Calif. :cebrary,d2011.nAvailable via World Wide Web.nAccess may be limited to ebrary affiliated libraries.20aYork University (Toronto, Ont.)xHistory. 0aUniversities and collegeszOntariozTorontoxHistory. 7aElectronic books.2local1 aPietropaolo, Vincenzo.2 aebrary, Inc.2 aYork University (Toronto, Ont.)40uhttp://site.ebrary.com/lib/rucke/Doc?id=10559072zAn electronic book accessible through the World Wide Web; click to view c88862d88862